| 000 | 00954nas a2200313 4500 | ||
|---|---|---|---|
| 001 | BR0805542 | ||
| 003 | BR-BrBNA | ||
| 005 | 20231205112011.0 | ||
| 007 | ta | ||
| 008 | 230509b bl.|||p| |||| 00| 00por d | ||
| 040 |
_aBR-BrBNA _bpor _cBiblioteca Nacional de Agricultura |
||
| 041 | _a(Pt) | ||
| 072 | _aF30; Q04; F01 | ||
| 100 | 1 | _aMoreira, G.R. | |
| 100 | 1 | _aCaliman, F.R.B. | |
| 100 | 1 | _aSilva, D.J.H. da | |
| 100 | 1 | _aRibeiro, C.S. da C. | |
| 245 | 1 | _aEspécie e variedades de pimenta | |
| 650 | _aHORTALIÇAS | ||
| 650 | _aPIMENTA | ||
| 650 | _aCAPSICUM | ||
| 650 | _aVARIEDADE | ||
| 650 | _aPLANTA PARA CONDIMENTO | ||
| 650 | _aPROPRIEDADE ORGANOLEPTICA | ||
| 650 | _aMELHORAMENTO GENÉTICO | ||
| 773 | 0 |
_tInforme Agropecuário - Empresa de Pesquisa Agropecuária de Minas Gerais (Brazil) _xISSN 0100-3364 _g(nov-dez 2006), v. 27(239) p.16-29 _wBR0805542 |
|
| 909 |
_a202311 _bLúcia _c55 _dLúcia Elande |
||
| 942 |
_2AGRIS _n0 _cANA |
||
| 999 |
_c195556 _d195556 |
||